000 00462nam a2200181Ia 4500
001 9182
005 20260306160704.0
008 260306t1989||||xx |||||||||||||| ||spa||
041 _aESP
082 _a375
_bM61
100 _aPerú. Ministerio de Educación
_eAUT
245 0 _aPrograma curricular básico:
_beducación secundaria I y II
260 _c1989
300 _a278 páginas :
_c21 cm.
650 _aGEN
654 _aCED
942 _cLIB
_dJUS
_fJUS
_2ddc
_n
999 _c9182
_d9182